00465nam a2200181Ia 4500003000400000008004100004040001600045082001600061100001600077245006200093700002300155260004000178300001100218650001200229650000900241650001600250650001700266GCL140319s9999 xx 000 0 eng d aGCL / cGCL04a759.43bM B1 aMARC, FRANZ10aTHE BLUE RIDER: IN THE LENBACHHAUS MUNICH / cMARC, FRANZ1 aKANDINSKY, VASSILY a[S.N] : bPRESTEL- VERLAG ، c1989 a288 PP04aMUSEUMS04aARTS04aLENBACHHAUS04aART, GERMANY